Grim Expectations (Record no. 76016)

MARC details
000 -LEADER
fixed length control field 00709nam a2200181 a 4500
008 - FIXED-LENGTH DATA ELEMENTS--GENERAL INFORMATION
fixed length control field 220907s2017 ||||||||||||||||| || u
020 ## - INTERNATIONAL STANDARD BOOK NUMBER
International Standard Book Number 9780857666901
050 ## - LIBRARY OF CONGRESS CALL NUMBER
Classification number PS 3560. J48
100 ## - MAIN ENTRY--PERSONAL NAME
Personal name Jeter, K.W
245 10 - TITLE STATEMENT
Title Grim Expectations
Statement of responsibility, etc. By K.W. Jeter
260 ## - PUBLICATION, DISTRIBUTION, ETC.
Place of publication, distribution, etc. London
Name of publisher, distributor, etc. Angry Robot
Date of publication, distribution, etc. 2017
300 ## - PHYSICAL DESCRIPTION
Extent 350 pages
350 ## -
-- 7.31
650 ## - SUBJECT ADDED ENTRY--TOPICAL TERM
Topical term or geographic name entry element ENGLISH LANGUAGE
650 ## - SUBJECT ADDED ENTRY--TOPICAL TERM
Topical term or geographic name entry element MISSING PERSONS--FICTION
995 ## -
-- FICTION Collection
-- 751799
-- CBU-MAIN LIBRARY (Kitwe)
-- 7.31
-- PS 3560.J48
-- 2
-- AVAILABLE
-- Sep 7, 2022
-- 751799
-- Fiction Collection
995 ## -
-- FICTION Collection
-- 905333
-- CBU-SCHOOL OF MEDICINE LIBRARY (Ndola)
-- 22.86
-- PS 3560 .E85
-- 1
-- AVAILABLE
-- Aug 23, 2022
-- 905333
-- Fiction Collection
999 ## -
-- 76016
-- 76016

No items available.